| 000 | 00824nam a2200265 a 4500 | ||
|---|---|---|---|
| 001 | BRCA_7685 | ||
| 005 | 20190320205938.0 | ||
| 008 | 160813s1963----sp-a######---#000-0#eng-# | ||
| 041 | _aeng | ||
| 044 | _asp | ||
| 050 | 4 |
_aNA5811.E8 _b.V58 1963 |
|
| 100 | 1 |
_aVivanco, Luis Felipe _918974 |
|
| 245 | 1 | 0 |
_aThe Escorial _cLuis Felipe Vivanco ; english translation by John Forrester. |
| 250 | _a4 | ||
| 260 |
_aBarcelona _bNoguer _c1963 |
||
| 300 |
_a40 p. _bil., mapas, planos _c19 cm. |
||
| 440 | 0 |
_aAndar y Ver, Guides to Spain _918975 |
|
| 500 | _aU24 | ||
| 520 | 3 | _aPractical information supplement to the guide to El Escorial | |
| 650 | 1 | 4 |
_aArquitectura religiosa _zEspaña _97863 |
| 651 | 4 |
_aEl Escorial, España _xDescripción _914133 |
|
| 700 | 1 |
_aForrester, John _etr. _918976 |
|
| 902 | _aGFM | ||
| 942 |
_2lcc _cB |
||
| 999 |
_c7359 _d7359 |
||